| 000 | 01719nam a22004217a 4500 | ||
|---|---|---|---|
| 003 | CHAP | ||
| 005 | 20220329140943.0 | ||
| 008 | 971013s1995 r 00010 d | ||
| 010 | _a60371 | ||
| 011 | _a61343 | ||
| 035 | _a65507 | ||
| 040 | _cCHAP | ||
| 082 |
_a630.83 A84 1991 B.C _bS. |
||
| 245 |
_aAtlas agropecuario _b: Baja California Sur |
||
| 260 |
_aAguascalientes, Ags. : _bINEGI, _c1995 |
||
| 300 | _a75 p. | ||
| 590 |
_aBATCH-UPD _b10 _c20130110 _lUCH01 _h0047 |
||
| 590 |
_aBATCH-UPD _b10 _c20130110 _lUCH01 _h0622 |
||
| 590 |
_aBATCH-UPD _b10 _c20130409 _lUCH01 _h2034 |
||
| 590 |
_aBATCH-UPD _b10 _c20130410 _lUCH01 _h0340 |
||
| 590 |
_aBATCH-UPD _b10 _c20130913 _lUCH01 _h2040 |
||
| 590 |
_aCONVERSION _b10 _c20130109 _lUCH01 _h1332 |
||
| 650 | 1 | 4 |
_aAgricultura _xEstadísticas _zBaja California Sur. _91446 |
| 650 | 1 | 4 |
_aCrédito agrícola _xBaja California Sur. _929032 |
| 650 | 1 | 4 |
_aCultivos _xBaja California Sur. _930233 |
| 650 | 1 | 4 |
_aEjidos _xBaja California Sur. _936005 |
| 650 | 1 | 4 |
_aGanadería _xEstadísticas _zBaja California Sur. _944705 |
| 650 | 1 | 4 |
_aMaquinaria agrícola _xBaja California Sur. _971156 |
| 650 | 1 | 4 |
_aProductos forestales _xEstadísticas. _992079 |
| 650 | 1 | 4 |
_aTierras _xUtilización _xBaja California Sur. _9113224 |
| 710 | 2 |
_aInstituto Nacional de Estadística, Geografía e Informática. México. _959304 |
|
| 790 | _aCenso agropecuario (7o.) 1991 | ||
| 901 | _aBK | ||
| 942 | _cLIBRO | ||
| 949 |
_a630.83 A84 1991 B.C.S. _bBC _cESP _d33724000640421 _eESP _fc.3 _h91167 _i65507 _si _t45.00 |
||
| 949 |
_a630.83 A84 1991 B.C.S. _bBC _cINEGI _d-151280 _eINEGI _fc.2 _h91146 _i65507 _si _t45.00 |
||
| 949 |
_a630.83 A84 1991 B.C.S. _bBC _cINEGI _d33724000609251 _eINEGI _gI. c/e _h90665 _i65507 _si _t45.00 |
||
| 999 |
_c60371 _d60371 |
||